000 00983nas a2200301 4500
001 BR2019001581
003 BR-BrBNA
005 20231205131934.0
007 ta
008 230509b bl.|||p| |||| 00| 00por d
040 _aBR-BrBNA
_bpor
_cBiblioteca Nacional de Agricultura
041 _a(En)
072 _aE73
100 1 _aSchnetter, B.
100 1 _aLobos, G.
100 1 _aMiranda, H.
100 1 _aOrellanas, L.
100 1 _aGrunert, K.G.
245 1 _aInfluence of information about the benefits of consuming fruit on consumer preferences in Temuco, region of the Araucania
650 _aFRUTICULTURA
650 _aPESQUISA
650 _aHÁBITO ALIMENTAR
650 _aCONSUMIDOR
773 0 _tRevista Brasileira de Fruticultura (Brazil)
_xISSN 1806-9967
_g(Oct-Dec 2015), v. 37(4) p. 883-892
_wBR2019001581
856 4 0 _uhttp://www.scielo.br/pdf/rbf/v37n4/0100-2945-rbf-37-4-883.pdf
909 _a202311
_bLúcia
_c55
_dLúcia Elande
942 _2AGRIS
_n0
_cANA
999 _c257589
_d257589